| 000 | 00000nam 2200000zi 4500 |
| 001 | 9.894230 |
| 003 | CaOODSP |
| 005 | 20221107173658 |
| 006 | m o d f |
| 007 | cr cn||||||||| |
| 008 | 201202t20202020oncb ob f000 0 fre d |
| 020 | |a9780660367903 |
| 040 | |aCaOODSP|bfre|erda|cCaOODSP |
| 043 | |an-cn-on |
| 086 | 1 |aEn3-4/332-2020F-PDF |
| 245 | 00|aProgramme de rétablissement de la couleuvre obscure (Pantherophis spiloides), population carolinienne et population des Grands Lacs et du Saint-Laurent, au Canada. |
| 264 | 1|aOttawa : |bGouvernement du Canada = Government of Canada, |c2020. |
| 264 | 4|c©2020 |
| 300 | |a1 ressource en ligne (55, vi, 26, 5 pages) : |bcartes. |
| 336 | |atexte|btxt|2rdacontent/fre |
| 337 | |ainformatique|bc|2rdamedia/fre |
| 338 | |aressource en ligne|bcr|2rdacarrier/fre |
| 490 | 1 |aLoi sur les espèces en péril, série de programmes de rétablissement |
| 500 | |aPublié aussi en anglais sous le titre : Recovery strategy for the gray ratsnake (Pantherophis spiloides), Carolinian and Great Lakes/St. Lawrence populations, in Canada. |
| 500 | |a« Adoption en vertu de l'article 44 de la LEP. » |
| 500 | |aPublié par Environnement et changement climatique Canada. |
| 500 | |aPublié aussi en format HTML. |
| 504 | |aComprend des références bibliographiques. |
| 505 | 0 |apart. 1. Addition du gouvernement fédéral au Programme de rétablissement de la couleuvre obscure (Pantherophis spiloides), populations de la zone carolinienne et de l’axe de Frontenac, en Ontario -- part. 2. Programme de rétablissement de la couleuvre obscure (Pantherophis spiloides), populations de la zone carolinienne et de l’axe de Frontenac, en Ontario -- part. 3. Couleuvre obscure, populations de la zone carolinienne et de l’axe de Frontenac : Déclaration du gouvernement en réponse au programme de rétablissement. |
| 650 | 6|aCouleuvre ratière grise|xConservation|zOntario. |
| 650 | 6|aFaune|xRétablissement|zOntario. |
| 710 | 1 |aCanada. |bEnvironnement et changement climatique Canada, |eorganisme de publication. |
| 775 | 08|tRecovery strategy for the gray ratsnake (Pantherophis spiloides), Carolinian and Great Lakes/St. Lawrence populations, in Canada.|w(CaOODSP)9.894227 |
| 830 | #0|aLoi sur les espèces en péril, série de programmes de rétablissement.|w(CaOODSP)9.501470 |
| 856 | 40|qPDF|s5.67 Mo|uhttps://publications.gc.ca/collections/collection_2021/eccc/En3-4-332-2020-fra.pdf |
| 856 | 4 |qHTML|sS.O.|uhttps://www.canada.ca/fr/environnement-changement-climatique/services/registre-public-especes-peril/programmes-retablissement/gris-rat-serpent-2020.html |